Foundations of differentiable manifolds and Lie groups /

Guardado en:
Autor Principal: Warner, Frank W. 1938-
Formato: Libro
Idioma:English
Publicado: Glenview, Ill. : Scott, Foresman, c1971.
Etiquetas: Agregar Etiqueta
Sin Etiquetas, Sea el primero en etiquetar este registro!
LEADER 00824cam a22001935a 4500
001 MAT.inmabb002394
008 710708s1971####ilua#####b####001#0#eng#d
005 20150706175837.0
245 1 0 |a Foundations of differentiable manifolds and Lie groups /  |c Frank W. Warner. 
260 |a Glenview, Ill. :  |b Scott, Foresman,  |c c1971. 
300 |a 270 p. :  |b il. ;  |c 25 cm. 
505 8 |a 1. Manifolds -- 2. Tensors and differential forms -- 3. Lie groups -- 4. Integration on manifolds -- 5. Sheaves, cohomology, and the de Rham theorem -- 6. The Hodge theorem. 
504 |a Bibliografía: p. [260]-261. 
510 4 |a MR,  |c 45 #4312 
100 1 |a Warner, Frank W.  |q (Frank Wilson),  |d 1938- 
084 |a 58A05 (22E15)  |2 msc2000 
010 |a  71135884  
859 |h 58  |i W279  |p A-4077  |b BIB. MATEMATICA 
859 |h 58  |i W279  |p A-6618  |t Ej. 2  |b BIB. MATEMATICA